Gaming Quiz

Random Gaming or Pokémon Quiz
Score 0/14 Timer 03:00
16 Plays Today
Character Pokemon % Correct
Nidoran♀
96.7%
Nidoran♂
96.7%
2Porygon2
76.6%
'Farfetch'd
75.4%
.Mr. Mime
53.2%
:Type: Null
40.7%
.Mime Jr.
34.6%
Character Pokemon % Correct
-Ho-oh
31.2%
'Sirfetch'd
29.6%
.Mr. Rime
29.1%
-Porygon-Z
28.7%
-Kommo-o
19.7%
-Jangmo-o
19.5%
-Hakamo-o
17.5%
Remove Ads.
Support Sporcle.
Get the best of Sporcle when you Go Orange. This ad-free experience offers more features, more stats, and more fun while also helping to support Sporcle. Thank you for becoming a member.

You're not logged in!

Compare scores with friends on all Sporcle quizzes.
OR
Log In

Show Comments

Extras

Top Quizzes Today


Score Distribution

Your Account Isn't Verified!

In order to create a playlist on Sporcle, you need to verify the email address you used during registration. Go to your Sporcle Settings to finish the process.

Report this User

Report this user for behavior that violates our Community Guidelines.

Details: